| 000 | 00908cam a2200277 a 4500 | ||
|---|---|---|---|
| 001 | 2820 | ||
| 005 | 20240116103031.0 | ||
| 020 | _a0439416604 (hardcover) | ||
| 020 | _a0439416612 (pbk.) | ||
| 020 | _a9780545200080 | ||
| 040 |
_aDLC _cDLC _dDLC _beng |
||
| 050 | 0 | 0 |
_aPZ7.A54395 _bGam 2004 |
| 082 | 0 | 0 |
_a813.6 _222 |
| 100 | 1 | _aAnderson, M. T. | |
| 245 | 1 | 4 |
_aThe Game of Sunken Places / _cM.T. Anderson |
| 250 | _aThis edition first printing, May 2010 | ||
| 260 |
_aNew York : _bScholastic Press, _c2004 |
||
| 300 |
_a260 pages ; _c20 cm |
||
| 505 | _aN | ||
| 520 | _aWhen two boys stay with an eccentric relative at his mansion in rural Vermont, they discover an old-fashioned board game that draws them into a mysterious adventure. | ||
| 521 |
_a670 _bLexile |
||
| 521 |
_aN _bRaz-Plus |
||
| 650 | 1 |
_aGames _vFiction. |
|
| 906 |
_a7 _bcbc _corignew _d1 _eecip _f20 _gy-gencatlg |
||
| 942 |
_2ddc _cBK _n0 |
||
| 999 |
_c2820 _d2820 |
||